| 000 | 01179camaa22003491i 4500 | ||
|---|---|---|---|
| 001 | 4510212 | ||
| 003 | EG-GICUC | ||
| 005 | 20260513144027.0 | ||
| 008 | 990201s1999 caua jr 001 0 eng | ||
| 020 | _a078212268X | ||
| 040 |
_aDLC _cDLC _dDLC _dEG-GICUC _beng _erda |
||
| 082 | 0 | 0 |
_a005.4/4769 _221 _bG212 |
| 092 | 0 | 4 |
_221 _a005.4/4769 _bG212 |
| 099 | _a005.4/4769 G212 | ||
| 100 | 1 |
_aGaskin, James E. _eمؤلف. |
|
| 245 | 1 | 0 |
_aMastering NetWare 5 / _cJames E. Gaskin. |
| 264 |
_aSan Francisco : _bSYBEX, _c1999. |
||
| 300 |
_axxxviii, 1562 p. : _bilustration ; _c24 cm. |
||
| 336 |
_atext _btxt _2rdacontent |
||
| 337 |
_aunmediated _bn _2rdamedia |
||
| 338 |
_avolume _bnc _2rdacarrier |
||
| 500 | _aIncludes index. | ||
| 504 | _aBibliography: pages 1266-1562. | ||
| 541 |
_aوزارة الثقافة ؛ _bالقاهرة ؛ _cإهداء ؛ _d2023. |
||
| 630 | 0 | 0 | _aNetWare. |
| 650 | 1 | 0 | _aOperating systems (Computers) |
| 650 | 1 | 0 | _aIntranets (Computer networks) |
| 856 | 4 | 2 |
_3Publisher description _uhttp://www.loc.gov/catdir/enhancements/fy0602/98086253-d.html |
| 905 | _aSamah | ||
| 906 |
_a7 _bcbc _corignew _d2 _eopcn _f19 _gy-gencatlg |
||
| 942 |
_2ddc _cBK _e21 _n0 |
||
| 999 |
_c180132 _d180132 |
||